000 00472nam a2200169 i 4500
001 70968
003 ES-MaACL
005 20230906171000.0
007 t|
008 040804s1973 sp ||||1| spa d
100 0 _aGascó Contell, Emilio.
_955842
245 1 0 _aViaje alrededor de los dioses /
_cEmilio Gascó Contell.
250 _a[1ª ed.].
260 _aMadrid :
_bOrganización Sala,
_c[1973]
300 _a185 p. ;
_c24 cm.
852 _aES-MaACL
_jC-51874
_bR.85628
999 _c70968
_d70968